书目信息 |
| 题名: |
管仲
|
|
| 作者: | 王业猷 著 | |
| 分册: | ||
| 出版信息: | 北京 中华书局 1982 |
|
| 页数: | 32页 | |
| 开本: | 19cm | |
| 丛书名: | 中国历史小丛书 | |
| 单 册: | ||
| 中图分类: | B226.1 | |
| 科图分类: | ||
| 主题词: | 管子--哲学 , 管子 | |
| 电子资源: | ||
| ISBN: | ||
| 000 | 00667nam2 2200265 45 | |
| 001 | 0182006281 | |
| 005 | 20060719170309.52 | |
| 010 | @dCNY0.11 | |
| 091 | @a11018.1066 | |
| 100 | @a19950704d1982 em y0chiy0121 ea | |
| 101 | 0 | @achi |
| 102 | @aCN@b110000 | |
| 105 | @ay z 000yy | |
| 200 | 10 | @a管仲@Aguan zhong@f王业猷著@FWang Ye You Zhu |
| 210 | @a北京@c中华书局@d1982 | |
| 215 | @a32页@d19cm | |
| 225 | 2 | @a中国历史小丛书 |
| 410 | 0 | @120010@a中国历史小丛书 |
| 606 | @a管子@x哲学 | |
| 606 | 0 | @a管子 |
| 690 | @aB226.1@v3 | |
| 701 | 0 | @a王业猷@4著 |
| 801 | 2 | @aCN@bNLC@c20060719 |
| 801 | 0 | @aCN@b上海图书馆@c20040429 |
| 905 | @dB226.1@e81@b216652@f1 | |
| 管仲/王业猷著.-北京:中华书局,1982 |
| 32页;19cm.-(中国历史小丛书) |
| ISBN :CNY0.11 |
| ● |
| 相关链接 |
|
|
|
|
正题名:管仲
索取号:B226.1/81
 
预约/预借
| 序号 | 登录号 | 条形码 | 馆藏地/架位号 | 状态 | 备注 |
| 1 | 0216650 | 001837016 | 密集书库/ [索取号:B226.1/81] | 在馆 | |
| 2 | 0216651 | 000508365 | 密集书库/ [索取号:B226.1/81] | 在馆 | |
| 3 | 0216652 | 000508356 | 第一样本阅览室/ [索取号:B226.1/81] | 在馆 | |
| 4 | 0435192 | 204351922 | 密集书库/ [索取号:B226.1/81] | 在馆 | |
| 5 | 0435193 | 204351931 | 密集书库/ [索取号:B226.1/81] | 在馆 | |
| 6 | 0435194 | 204351940 | 密集书库/ [索取号:B226.1/81] | 在馆 | |
| 7 | 0435195 | 204351959 | 密集书库/ [索取号:B226.1/81] | 在馆 | |
| 8 | 0435196 | 204351968 | 密集书库/ [索取号:B226.1/81] | 在馆 |